UEFA Women's Euros hosts - Statistics

General Stats
  • This quiz has been taken 50 times
  • The average score is 12 of 13
Answer Stats
Year Host Country % Correct
Sweden
98%
2013 Sweden
98%
2001 Germany
96%
1987 Norway
96%
1997 Norway
96%
1989 West Germany
96%
2005 England
94%
2022 England
94%
2017 Netherlands
94%
1993 Italy
92%
2025 Switzerland
90%
1991 Denmark
88%
2009 Finland
82%
No matching quizzes found
Score Distribution
Percent of People with Each Score
Percentile by Number Answered
Your Score History
You have not taken this quiz